| 000 | 00417nam a2200157Ia 4500 | ||
|---|---|---|---|
| 008 | 240729s9999 xx 000 0 und d | ||
| 022 | _a2718-0875 | ||
| 245 | 4 | _aThe Journal of Pediatric Academy | |
| 260 | _aTürkiye | ||
| 260 | _bGalenos Publishing House | ||
| 650 | _a Pediatrics | ||
| 650 | _aMedicine | ||
| 856 | _uhttps://doaj.org/toc/3560268b62ee4ca08a3e456827ca239c | ||
| 942 | _2ddc | ||
| 942 | _cDOAJEJ | ||
| 999 |
_c69132 _d69132 |
||
| 945 |
_a1 _bMadushi Gamage _c1 _dMadushi Gamage |
||